"Minah Karan" : The truth about Malaysian factory girls

Bibliographic Details
Main Author: Fatimah Daud
Format: Book
Published: Kuala Lumpur : Berita Publishing , 1985
Subjects:

MARC

LEADER 00000cam a2200000 7i4500
001 0000002602
005 20050429.0
020 |a 9679690288 
040 |a INS 
090 0 0 |a HD6192.6.   |b F37 1985 
100 0 |a Fatimah Daud 
245 1 0 |a "Minah Karan" :   |b The truth about Malaysian factory girls   |c Dr. Fatimah Daud 
260 |a Kuala Lumpur :   |b Berita Publishing ,   |c 1985 
300 |a 168p :   |b ill ;   |c 23 cm. 
650 0 0 |a Women   |x Employment   |x Social life and customs 
999 |a 0000000006   |b BOOK   |c Open Shelf   |e Default branch